000 00627nam a2200265Ia 4500
005 20260306164113.0
008 008 260114s9999 xx 000 0 eng d
020 _a9780226420547
037 _aEBOOK
040 _aCRL
040 _beng
040 _cCRL
041 _2eng
041 _aeng
084 _qCRL
100 _aLemahieu, Zumhagen-yekplé
_91130005
245 0 _aWittgenstein And Modernism
260 _bUniversity of Chicago Press
260 _c2017
650 _aPhilosophy
856 _uhttps://academic.oup.com/book/18775
942 _cEBOOK
999 _c1712763
_d1712763